World Capitals Closest to Singapore - 15 Second Sprint - Statistics

General Stats
  • This quiz has been taken 23 times
  • The average score is 5 of 20
Answer Stats
km capital miles % Correct
309 Kuala Lumpur 192
81%
902 Jakarta 560
76%
1426 Bangkok 886
52%
2652 Dili 1648
43%
2198 Hanoi 1366
43%
2391 Manila 1486
43%
1296 Bandar Seri Begawan 805
33%
1142 Phnom Penh 710
29%
4465 Beijing 2775
24%
3250 Taipei 2019
19%
2881 Dhaka 1790
14%
1855 Vientiane 1153
14%
2720 Colombo 1690
5%
2210 Naypyidaw 1373
5%
4142 New Delhi 2574
5%
4813 Islamabad 2991
0%
3530 Kathmandu 2194
0%
3380 Malé 2101
0%
3481 Ngerulmud 2163
0%
3274 Thimphu 2034
0%
No matching quizzes found
Score Distribution
Percent of People with Each Score
Percentile by Number Answered
Your Score History
You have not taken this quiz